| 000 | 00420cam a22001217a 4500 | ||
|---|---|---|---|
| 008 | 180718b1953 xxu||||| |||| 00| 0 eng d | ||
| 082 | _aG1103x5444 M999a | ||
| 245 |
_aThe Mysore ministers salaries and allowances amendment act, 1953 _cby Legislative Department, Mysore |
||
| 260 |
_aMysore _bLegislative Department _c1953 |
||
| 300 | _a2+p | ||
| 440 | _aMysore act no. 19 of 1953 | ||
| 700 | _aMysore. Legislative Department | ||
| 999 |
_c397735 _d397735 |
||